Statistics for Countries that speak germany

Click here to take the quiz!

General Stats

  • This quiz has been taken 13 times
  • The average score is 14 of 16

Answers on the Map

Answers color-coded by a green-red scale on the quiz's map according to % correct below.
 

Answer Stats

Answer% Correct
Belgium
100%
Germany
100%
Czechia
92%
Denmark
92%
France
92%
Italy
92%
Russia
92%
Vatican
92%
liechtenstein
83%
Luxembourg
83%
Poland
83%
Slovakia
83%
Switzerland
83%
Austria
75%
Hungary
75%
Romania
75%

Score Distribution

Percentile by Number Answered

Percent of People with Each Score

Your Score History

You have not taken this quiz